00369 a2200157 4500003000400000005001700004008004100021020001800062040000900080082002000089100001300109245002500122250001200147260004200159300001000201OSt20231130122316.0231130b |||||||| |||| 00| 0 eng d a9789355495358 coclc a894.8123bKOV/T aKovilan  aThattakam /cKovilan a8th ed. aKozhikode:bMathrubhumi Books,c2022. a320p.